000 00557nam a2200193Ia 4500
003 GCL
008 140319s9999 xx 000 0 eng d
040 _aGCL /
_cGCL
082 0 4 _a618.922
_bW E
100 1 _aWAHHBA, SANEYA
245 1 0 _aAN ETHOGRAPHIC STUDY OF ACUTE RESPIRATORY INFECTION IN YOUNG CHILDREN OF UPPER EGYPT /
_cWAHHBA, SANEYA
260 _a[S.N] :
_bUNICEF ،
_c1992
300 _a71 P
650 0 4 _aCHILD - DISEASES - EGYPT
650 0 4 _aRESPIRATORY THERAPY
650 0 4 _aCHILD - HEALTH
650 0 4 _aCHILD - CARE
942 _2ddc
_cBK
999 _c15028
_d15028